000
00266nam a22001097a 4500
020
_a
978075664528
100
_a
Heather Scott
245
_a
The clone wars: Jedi adventures
260
_a
; New York
_b
Dorling Kindersley
_c
2009
490
_a
Star wars
942
_c
BK
999
_c
262935
_d
262934